<?xml version="1.0" encoding="UTF-8"?><marc:collection xmlns:marc="http://www.loc.gov/MARC21/slim">
  <marc:record>
    <marc:leader>00000nam  2200000za 4500</marc:leader>
    <marc:controlfield tag="001">9.836469</marc:controlfield>
    <marc:controlfield tag="003">CaOODSP</marc:controlfield>
    <marc:controlfield tag="005">20231024143242</marc:controlfield>
    <marc:controlfield tag="007">cr |||||||||||</marc:controlfield>
    <marc:controlfield tag="008">170509t20132008oncao||#o    f000 0 fre d</marc:controlfield>
    <marc:datafield tag="040" ind1=" " ind2=" ">
      <marc:subfield code="a">CaOODSP</marc:subfield>
      <marc:subfield code="b">fre</marc:subfield>
    </marc:datafield>
    <marc:datafield tag="043" ind1=" " ind2=" ">
      <marc:subfield code="a">n-cnp--</marc:subfield>
    </marc:datafield>
    <marc:datafield tag="086" ind1="1" ind2=" ">
      <marc:subfield code="a">NM54-3/2013F-PDF</marc:subfield>
    </marc:datafield>
    <marc:datafield tag="245" ind1="0" ind2="4">
      <marc:subfield code="a">Les Huttérites au Canada </marc:subfield>
      <marc:subfield code="h">[ressource électronique] : </marc:subfield>
      <marc:subfield code="b">nous sommes communautariens.</marc:subfield>
    </marc:datafield>
    <marc:datafield tag="260" ind1=" " ind2=" ">
      <marc:subfield code="a">[Ottawa] : </marc:subfield>
      <marc:subfield code="b">Musée agriculture Canada, </marc:subfield>
      <marc:subfield code="c">[2013].</marc:subfield>
    </marc:datafield>
    <marc:datafield tag="300" ind1=" " ind2=" ">
      <marc:subfield code="a">10 p. : </marc:subfield>
      <marc:subfield code="b">ill. (certaines en coul.)</marc:subfield>
    </marc:datafield>
    <marc:datafield tag="500" ind1=" " ind2=" ">
      <marc:subfield code="a">Publié aussi en anglais sous le titre : The Hutterites in Canada : communitarians are we.</marc:subfield>
    </marc:datafield>
    <marc:datafield tag="504" ind1=" " ind2=" ">
      <marc:subfield code="a">Comprend des réf. bibliogr.</marc:subfield>
    </marc:datafield>
    <marc:datafield tag="520" ind1=" " ind2=" ">
      <marc:subfield code="a">« Les Huttérites ont joué un rôle important dans l’histoire de l’agriculture et de l’alimentation au Canada. Venus d’Europe de l’Est vers la fin du XIXe siècle et au début du XXe, ils recherchaient la liberté de suivre leurs croyances religieuses ainsi que de vivre et travailler en communauté. On estime à 400 le nombre de colonies huttérites établies dans l’Ouest canadien et aux États Unis. Chaque colonie compte environ 200 membres. La vie quotidienne se déroule dans des structures communautaires. Les membres préparent et prennent leurs repas en commun, dans une vaste salle à manger. Souvent, les colonies pratiquent l’agriculture et l’élevage à grande échelle. Elles possèdent aussi parfois des ateliers pour réparer le matériel agricole. Contrairement à d’autres groupes religieux, les Huttérites ne bannissent pas rigoureusement toute forme de technologie. En fait, ils utilisent les technologies modernes de bureau et d’agriculture, comme les tracteurs, les ordinateurs et les téléphones. Cependant, seules les technologies qui améliorent l’efficience et la productivité sont autorisées. Vous ne trouverez dans leurs maisons ni télévision ni console de jeux vidéo. De nos jours, la communauté huttérite reste à la pointe de l’innovation dans le domaine agricole. Certaines colonies fabriquent et vendent aux personnes étrangères à leur communauté les produits et le matériel modernes qu’elles ont créés. D’autres louent leurs terres à des parcs à éoliennes »--Fourni par l'éditeur.</marc:subfield>
    </marc:datafield>
    <marc:datafield tag="692" ind1="0" ind2="7">
      <marc:subfield code="2">gccst</marc:subfield>
      <marc:subfield code="a">Communauté rurale</marc:subfield>
    </marc:datafield>
    <marc:datafield tag="692" ind1="0" ind2="7">
      <marc:subfield code="2">gccst</marc:subfield>
      <marc:subfield code="a">Agriculture</marc:subfield>
    </marc:datafield>
    <marc:datafield tag="692" ind1="0" ind2="7">
      <marc:subfield code="2">gccst</marc:subfield>
      <marc:subfield code="a">Religion</marc:subfield>
    </marc:datafield>
    <marc:datafield tag="710" ind1="2" ind2=" ">
      <marc:subfield code="a">Musée de l'agriculture du Canada.</marc:subfield>
    </marc:datafield>
    <marc:datafield tag="710" ind1="2" ind2=" ">
      <marc:subfield code="a">Société du Musée des sciences et de la technologie du Canada.</marc:subfield>
    </marc:datafield>
    <marc:datafield tag="775" ind1="0" ind2="8">
      <marc:subfield code="t">The Hutterites in Canada </marc:subfield>
      <marc:subfield code="w">(CaOODSP)9.836467</marc:subfield>
    </marc:datafield>
    <marc:datafield tag="856" ind1="4" ind2="0">
      <marc:subfield code="q">PDF</marc:subfield>
      <marc:subfield code="s">807 Ko</marc:subfield>
      <marc:subfield code="u">https://publications.gc.ca/collections/collection_2017/mstc-cstm/NM54-3-2013-fra.pdf</marc:subfield>
    </marc:datafield>
  </marc:record>
</marc:collection>
